000 00211nam a22000857a 4500
008 170622b xxu||||| |||| 00| 0 eng d
100 _93643
_aNCERT
245 _aLab manual chemistry - XI
260 _aNCERT
_bNCERT
_c2008
999 _c7038
_d7038